000 00624nam a2200193 a 4500
001 000038457
005 20240412074259.0
008 130411s1981 dr 000 j spa d
040 _aDO-SdBNP
_bspa
_cBNPHU
082 _aRD863.44
_bC117c
100 1 _aCabral, Manuel del,
_d1907-1999
_923556
245 1 0 _aCuentos cortos en pantalones largos /
_cManuel del Cabral.
260 _aSanto Domingo :
_bPublicaciones América,
_c1981.
300 _a152 p. ;
_c22 cm.
590 _aInventariado, 2020/LP
650 0 _aCuentos dominicanos
_9176
650 0 _aLiteratura dominicana.
_967
910 _aValidado. Control de calidad MFF
999 _c37947
_d37947